George Clooney Movies - Sudden Death - Statistics

General Stats
  • This quiz has been taken 3,386 times
  • The average score is 9 of 22
Answers on the Grid
Answers color-coded by a green-red scale on the quiz's grid according to % correct below.
Armageddon
Batman & Robin
Catwoman
Drive
Fantastic Mr. Fox
From Dusk till Dawn
Good Night, and Good Luck
Gravity
Hail, Caesar!
Leatherheads
Lightyear
Lucky Numbers
Mars Attacks!
Michael Clayton
My Cousin Vinny
O Brother, Where Art Thou?
Ocean's
Ocean's Two
Ocean's Eleven
Ocean's Thirteen
Patch Adams
Sommersby
Syriana
The American
The Descendants
The Good German
The Legend of Bagger Vance
The Men Who Stare at Goats
The Monuments Men
The Perfect Storm
The Thin Red Line
Thelma and Louise
Three Kings
Tomorrowland
Up in the Air
Waiting for Godot
 
Answer Stats
Answer % Correct
Batman & Robin
78%
Ocean's Eleven
68%
Ocean's Thirteen
62%
Fantastic Mr. Fox
59%
O Brother, Where Art Thou?
58%
Gravity
55%
From Dusk till Dawn
50%
Hail, Caesar!
48%
Michael Clayton
43%
The Monuments Men
41%
The Men Who Stare at Goats
39%
Three Kings
37%
Good Night, and Good Luck
36%
Syriana
35%
The Descendants
35%
The Perfect Storm
35%
Up in the Air
35%
Tomorrowland
29%
Leatherheads
28%
The American
26%
The Thin Red Line
17%
The Good German
16%
No matching quizzes found
Score Distribution
Percent of People with Each Score
Percentile by Number Answered
Your Score History
You have not taken this quiz